Historia de Chile

Na minha lista:
Detalhes bibliográficos
Autor principal: Hancock, Anson Uriel (Author)
Formato: Livro
Idioma:espanhol
Publicado em: Madrid La España Moderna 1893
Edição:2a. ed
Colecção:Biblioteca de Jurisprudencia, Filosofía e Historia
Assuntos:
Tags: Adicionar Tag
Sem tags, seja o primeiro a adicionar uma tag!

MARC

LEADER 00000nam a2200000 a 4500
001 UCJ3872
003 CL-VaPUC
008 070124e18930000SP |||||||||||||||||spa|d
082 0 4 |a 983  |b HAN  |2 21 
100 |a Hancock, Anson Uriel  |e author  |9 506368 
245 1 0 |a Historia de Chile 
250 |a 2a. ed 
300 |a 446 p 
942 |c BK 
945 |d 20070124 00:00:00  |a rinostro 
260 |a Madrid  |b La España Moderna  |c 1893 
500 |a Traducida del inglés por José Casado 
600 0 7 |a CASADO, JOSE  |2 CL-VaPUC  |9 506369 
650 7 |a DESCUBRIMIENTO Y CONQUISTA  |2 CL-VaPUC  |9 268482 
650 0 |a Guerra de Arauco  |9 267618 
650 0 |a Fundación de ciudades  |9 396125 
650 7 |a COLONIA  |2 CL-VaPUC  |9 506370 
650 0 |a Guerra de la independencia   |9 331979 
650 0 |a Guerra contra la confederación  |9 506371 
650 0 |a Guerra del Pacífico  |9 314886 
650 7 |a GUERRA CIVIL DE 1891  |2 CL-VaPUC  |9 408173 
650 0 |a Presidentes de Chile  |9 268293 
650 0 |a Partidos políticos  |9 254999 
650 0 |a Recursos naturales  |9 255232 
650 7 |a FAUNA  |2 CL-VaPUC  |9 349523 
650 7 |a FLORA  |2 CL-VaPUC  |9 264745 
650 0 |a Cultura  |9 269059 
650 7 |a TIPOS HUMANOS  |2 CL-VaPUC  |9 504574 
650 7 |a TRANSPORTE  |2 CL-VaPUC  |9 256365 
650 7 |a DIVISION ADMINISTRATIVA  |2 CL-VaPUC  |9 433323 
650 0 |a Vida social  |9 337244 
583 |a last modification  |c 20070124 00:00:00  |k Rodrigo Vera 
490 0 |a Biblioteca de Jurisprudencia, Filosofía e Historia 
999 |c 319991  |d 319989 
952 |0 0  |1 0  |4 0  |6 983_000000000000000_HAN_1893  |7 0  |8 X  |9 398414  |a FDOBUD  |b FDOBUD  |d 2019-11-22  |i 1010034  |o 983 HAN 1893  |p 1010034  |r 2019-11-22  |w 2019-11-22  |y BK_X  |k BUD